000 00399nam a22001457a 4500
005 20200614144653.0
008 200614b xxu||||| |||| 00| 0 eng d
082 _a345.4 AIR
110 _aALL INDIA REPORTER
_96116
245 _aALL INDIA REPORTER [1969] [VOL-56] SUPREME COURT CASES
260 _aMUMBAI
_bALL INDIA REPORTER , PVT. LTD.
300 _a169;p
650 _aLAW
_95701
942 _cJRL
999 _c7168
_d7166